Películas live action de Disney - Estadísticas

Estadísticas generales
  • Esta prueba ha sido intentada 145 veces
  • La puntuación promedio es 9 de 16
Estadísticas de respuestas
Imagen Respuesta % Correcto
Cruella
98%
La Bella y la Bestia
97%
Maléfica
97%
Piratas del Caribe
92%
Cenicienta
88%
Mary Poppins
88%
Juego de gemelas
74%
Abracadabra
57%
Un viernes de locos
51%
Alexander y un Día Terrible, Horrible, Malo... ¡Muy Malo!
46%
Una chihuahua de Beverly Hills
40%
Annie
39%
Jungle Cruise
27%
Cuentos que no son cuentos
12%
Cheque en blanco
3%
Jamaica bajo cero
3%
No se encontraron pruebas coincidentes
Distribución de puntuación
Porcentaje de gente con cada puntuación
Porcentaje por número respondido
Historial de tus puntuaciones
No has intentado esta prueba.